000 01180nam a22003377a 4500
003 CHAP
005 20220329135120.0
008 971013s1979 r 00010 d
010 _a31168
011 _a32140
035 _a36253
040 _cCHAP
082 _a633.2
_bC67
100 0 0 _aCoupland, Robert T.
_928638
245 _aGrassland ecosystems of the world
_b: analysis of grasslands and their uses
260 _aLondon :
_bCambridge University,
_c1979
300 _a401 p.
_b: ilus. ; gráfs.
490 _aInternational Biological Programme
_v; 18
590 _aBATCH-UPD
_b10
_c20130109
_lUCH01
_h2343
590 _aBATCH-UPD
_b10
_c20130110
_lUCH01
_h1456
590 _aBATCH-UPD
_b10
_c20130409
_lUCH01
_h1913
590 _aBATCH-UPD
_b10
_c20130914
_lUCH01
_h1902
590 _aCONVERSION
_b10
_c20130109
_lUCH01
_h1318
650 1 4 _aPastizales
_xEcología.
_985933
650 1 4 _aPastos.
_985986
830 _aInternational Biological Programme
_v; 18
_959555
901 _aBK
942 _cLIBRO
949 _a633.2 C67
_bBC
_cLIBRO
_d33724000198198
_eLIBRO
_h47476
_i36253
_si
_t1825.00
949 _a633.2 C67
_bBC
_cLIBRO
_d33724000198206
_eLIBRO
_fc.2
_h52172
_i36253
_si
_t1825.00
999 _c31168
_d31168